El castillo de Cagliostro (Record no. 4070)
[ view plain ]
| 000 -LEADER | |
|---|---|
| campo de control de longitud fija | 01896nim a2200373 i 4500 |
| 003 - IDENTIFICADOR DE NÚMERO DE CONTROL | |
| campo de control | CO-BoRNBP |
| 005 - FECHA Y HORA DE LA ÚLTIMA TRANSACCIÓN | |
| campo de control | 20230705221734.0 |
| 007 - CAMPO FIJO DE DESCRIPCIÓN FÍSICA--INFORMACIÓN GENERAL | |
| campo de control de longitud fija | vd cvadzs |
| 008 - DATOS DE LONGITUD FIJA--INFORMACIÓN GENERAL | |
| campo de control de longitud fija | 21 s2009 ck 125 b |||| |0| mcmul d |
| 020 ## - NÚMERO INTERNACIONAL ESTÁNDAR DEL LIBRO | |
| Número Internacional Estándar del Libro | 7506036010615 |
| 040 ## - FUENTE DE CATALOGACIÓN | |
| Centro catalogador/agencia de origen | CO-BoRNBP |
| Lengua de catalogación | spa |
| Normas de descripción | rda |
| Centro/agencia transcriptor | CO-BoRNBP |
| 041 1# - CÓDIGO DE IDIOMA | |
| Código de lengua del texto/banda sonora o título independiente | jpn |
| Código de lengua original | spa |
| 082 04 - NÚMERO DE LA CLASIFICACIÓN DECIMAL DEWEY | |
| Número de clasificación | 791.43 |
| Número de ítem | M39cc |
| Número de edición | 22 |
| 100 1# - ENTRADA PRINCIPAL--NOMBRE DE PERSONA | |
| Nombre de persona | Miyazaki, Hayao |
| Fechas asociadas al nombre | 1941- |
| Término indicativo de función/relación | autor |
| 9 (RLIN) | 204435 |
| 245 13 - MENCIÓN DEL TÍTULO | |
| Título | El castillo de Cagliostro |
| Mención de responsabilidad, etc. | guión y dirección de Hayao Miyazaki ; música de Juji Ohno ; producido por Tetsuo Katayama |
| 246 33 - FORMA VARIANTE DEL TITULO | |
| Título propio/Titulo breve | Lupin the Third: The castle of Cagliostro |
| 264 #1 - PRODUCCIÓN, PUBLICACIÓN, DISTRIBUCIÓN, FABRICACIÓN Y COPYRIGHT | |
| Producción, publicación, distribución, fabricación y copyright | México, México |
| Nombre del de productor, editor, distribuidor, fabricante | Zima Enterteinment |
| -- | Studio Ghibli |
| Fecha de producción, publicación, distribución, fabricación o copyright | 2010 |
| 300 ## - DESCRIPCIÓN FÍSICA | |
| Extensión | 1 DVD (100 minutos) |
| Otras características físicas | estéreo, color |
| Dimensiones | 19 cm |
| 336 ## - TIPO DE CONTENIDO | |
| Fuente | rdacontent |
| Término de tipo de contenido | imagen bidimensional en movimiento |
| Código de tipo de contenido | tdi |
| 337 ## - TIPO DE MEDIO | |
| Fuente | rdamedia |
| Nombre/término del tipo de medio | video |
| Código del tipo de medio | v |
| 338 ## - TIPO DE SOPORTE | |
| Fuente | rdacarrier |
| Nombre/término del tipo de soporte | videodisco |
| Código del tipo de soporte | vd |
| 520 03 - RESUMEN, ETC. | |
| Sumario, etc. | "Escapando de un atraco, el maestro de los ladrones Arsene Lupin III y su mano derecha Jigen, descubren que han robado dinero falso, se embarcará en pro de descubrir quien fue el autor de tal acción, arribando a Cagliostro, país europeo en cuyas colinas yergue el Castillo del Malvado Conde Cagliostro. Tras sus pasos, el inspector de policía Zenigata los busca, por su participación en ese atraco" Tomado del estuche<br/><br/> |
| 521 ## - NOTA DE PÚBLICO DESTINATARIO | |
| Nota de público destinatario | Recomendado para público infantil mayor de 6 años |
| 546 ## - NOTA DE IDIOMA | |
| Nota de lengua/lenguaje | Película en japonés con subtítulos en español |
| 650 17 - PUNTO DE ACCESO ADICIONAL DE MATERIA--TÉRMINO DE MATERIA | |
| Término de materia o nombre geográfico como elemento de entrada | Películas cinematográficas japonesas |
| Subdivisión de forma | DVD |
| Fuente del encabezamiento o término | LEMB |
| 9 (RLIN) | 204413 |
| 650 17 - PUNTO DE ACCESO ADICIONAL DE MATERIA--TÉRMINO DE MATERIA | |
| Término de materia o nombre geográfico como elemento de entrada | Películas animadas japonesas |
| Subdivisión de forma | DVD |
| Fuente del encabezamiento o término | LEMB |
| 9 (RLIN) | 204414 |
| 650 17 - PUNTO DE ACCESO ADICIONAL DE MATERIA--TÉRMINO DE MATERIA | |
| Término de materia o nombre geográfico como elemento de entrada | Ladrones |
| Subdivisión de forma | DVD |
| Fuente del encabezamiento o término | LEMB |
| 9 (RLIN) | 204436 |
| 650 17 - PUNTO DE ACCESO ADICIONAL DE MATERIA--TÉRMINO DE MATERIA | |
| Término de materia o nombre geográfico como elemento de entrada | Dibujos animados |
| Subdivisión de forma | DVD |
| Fuente del encabezamiento o término | LEMB |
| 9 (RLIN) | 84072 |
| 650 17 - PUNTO DE ACCESO ADICIONAL DE MATERIA--TÉRMINO DE MATERIA | |
| Término de materia o nombre geográfico como elemento de entrada | Falsificadores de dinero |
| Subdivisión de forma | DVD |
| Fuente del encabezamiento o término | LEMB |
| 9 (RLIN) | 204437 |
| 650 17 - PUNTO DE ACCESO ADICIONAL DE MATERIA--TÉRMINO DE MATERIA | |
| Término de materia o nombre geográfico como elemento de entrada | Historias de aventuras |
| Subdivisión de forma | DVD |
| Fuente del encabezamiento o término | LEMB |
| 9 (RLIN) | 204431 |
| 700 1# - ENTRADA AGREGADA--NOMBRE PERSONAL | |
| Nombre de persona | Katayama, Tetsuo |
| Término indicativo de función/relación | productor |
| 9 (RLIN) | 204438 |
| 700 1# - ENTRADA AGREGADA--NOMBRE PERSONAL | |
| Nombre de persona | Ohno, Yuji |
| Término indicativo de función/relación | compositor |
| 9 (RLIN) | 204439 |
| 942 ## - ELEMENTOS DE ENTRADA SECUNDARIOS (KOHA) | |
| Fuente del sistema de clasificación o colocación | Clasificación Decimal Dewey |
| Tipo de ítem Koha | DVD |
No items available.